MDQL
is popping MORE tags! Check the
thread
!
Quizzes
Events
Quiz Creation
Community
Videos
Private Events
Remove Ads
Sign In
Join for FREE
Feedback
Dark Mode
Quiz Categories
Sports
Geography
Music
Movies
Television
Just For Fun
Miscellaneous
History
Literature
Language
Science
Gaming
Entertainment
Religion
Holiday
For Kids
Quiz Lab
Recent
Popular Today
Quiz Kudos Today
Editor Picks
Curator Picks
Quizzes by...
Day
Popularity
Type
Ratings
Length
Year
Community
Subscriptions
Recent Discussions
Orange Saloon
Badges
Playlists
Quests
Create
Leaderboards
Showdown
Live 5
Trivia Bingo
Activity
Puzzle Library
Sporcle Events
Private Events
Virtual Trivia
Globe League
Become a Host
Pub Owners
SporcleCon
Opinionation
Our Games
Videos
Blog
Mobile Apps
Partnerships
Remove Ads and Go Orange
Feedback
Literature
Harry Potter
A Song of Ice and Fire
The Hunger Games
Literary Character
Shakespeare
Book
Author
Novel
Poem
Young Adult
Children's Books
Play
Lord of the Rings
Literature
Harry Potter
A Song of Ice and Fire
The Hunger Games
Literary Character
Shakespeare
Book
Author
Novel
Poem
Young Adult
Children's Books
Play
Lord of the Rings
Random Quiz
Search Sporcle
×
Quiz Lab
Quiz Lab
Literature
Harry Potter
Type in answers that appear in a list
Type in answers that appear in a list
Classic
Best Score? Go Orange.
Harry Potter Bk 1 Ch 2 First 300 words Stats
Can you name the first 300 words of Harry Potter and the Sorcerer's Stone: The Vanishing Glass
By
horsebowl74
20m
300 Questions
1,172 Plays
1,172 Plays
1,172 Plays
Comments
Comments
Give Quiz Kudos
Give Quiz Kudos
-
- Ratings
hide this ad
Replay
Link that replays current quiz
Next Quiz
Link to next quiz in quiz playlist
You Got
0%
They Got
Avg Score
73%
Avg Friend Score
Upgrade to see
Score Distribution
Jump to the score distribution portion of the page
Score
0/300
Timer
20:00
0
Plays Today
Answer
% Correct
the
97.9%
the
97.9%
the
97.9%
and
97.9%
The
97.9%
the
97.9%
the
97.9%
the
97.9%
the
97.9%
the
97.9%
the
97.9%
the
97.9%
a
97.9%
a
97.9%
and
97.9%
the
97.9%
a
97.9%
a
97.9%
the
97.9%
a
97.9%
and
97.9%
The
97.9%
the
97.9%
the
97.9%
and
97.9%
the
97.9%
the
97.9%
a
97.9%
the
97.9%
the
97.9%
and
97.9%
the
97.9%
the
97.9%
the
97.9%
and
97.9%
the
97.9%
a
97.9%
a
97.9%
a
97.9%
the
97.9%
the
97.9%
Harry
96.3%
Harry
96.3%
Harry
96.3%
Harry.
96.3%
He
92.4%
he
92.4%
He
92.4%
Dursley
92.1%
Dursley
92.1%
on
91.9%
on
91.9%
on
91.9%
on
91.9%
on
91.9%
on
91.9%
on
91.9%
on
91.9%
was
91.8%
was
91.8%
was
91.8%
was
91.8%
was
91.8%
was
91.8%
Dudley
91.6%
no
91.1%
no
91.1%
to
90.7%
to
90.7%
in
90%
in
90%
had
89.2%
had
89.2%
had
89.2%
had
89.2%
had
89.2%
had
89.2%
had
89.2%
had
89.2%
had
89.2%
had
89.2%
had
89.2%
had
89.2%
Petunia
88.9%
it
88.8%
it
88.8%
it
88.8%
It
88.8%
it.
88.8%
his
88%
his
88%
his
88%
His
88%
His
88%
his
88%
His
88%
Aunt
87.6%
aunt
87.6%
aunt
87.6%
of
86.5%
Answer
% Correct
of
86.5%
of
86.5%
of
86.5%
not
85.8%
at
85.6%
at
85.6%
at
85.6%
Potter
85.6%
at
85.6%
that
85.4%
that
85.4%
that
85.4%
up
85%
up
85%
'Up!
85%
up!
85%
'Up!'
85%
up
85%
there
84.1%
there,
84.1%
There
84.1%
as
83.9%
boy
83.2%
boy
83.2%
been
82.7%
been
82.7%
been
82.7%
been
82.7%
been
82.7%
door;
82.3%
for
82.3%
door
82.3%
door.
82.3%
said
81.7%
she
81.6%
she
81.6%
but
81.1%
but
81.1%
but
81.1%
her
80.6%
her
80.6%
you
79.8%
all.
79.7%
all
79.7%
with
79.2%
with
79.2%
their
79.1%
their
79.1%
Get
78.9%
get...
78.9%
Dursleys
77.6%
Dursleys'
77.6%
house,
77.3%
woke
77.3%
time
76.8%
long.
76.4%
Mr.
76.3%
years
75.5%
years
75.5%
front
75.1%
front
75.1%
front
75.1%
passed
75%
passed.
75%
ten
74.6%
when
74.6%
Ten
74.6%
what
74.4%
since
74.1%
one.
74%
Drive
73.4%
Privet
72.7%
'Are
72.6%
day.
72.5%
baby,
71.8%
now
71.5%
lived
71.5%
Now!'
71.5%
how
71.2%
same
70.9%
same
70.9%
same
70.9%
like
70.4%
dream
69.8%
dream
69.8%
another
69.4%
find
68.6%
longer
68.6%
woken
68.2%
looked
67.5%
before.
67.4%
step,
67.3%
nephew
67.2%
changed
67%
Yet
66.3%
yet?'
66.3%
much
65.9%
then
65.4%
start.
65.4%
still
65%
Answer
% Correct
number
64.7%
four
64.4%
Nearly
63.9%
large
63.9%
large
63.9%
'Nearly,'
63.9%
too.
63.8%
good
63.7%
showed
63.6%
showed
63.6%
by
63.6%
night
63.1%
Only
63.1%
room,
62.9%
room
62.9%
he'd
61.9%
pictures
61.6%
feeling
61.5%
flying
61.3%
sign
60.9%
having.
60.7%
first
60.4%
first
60.4%
motorcycle
60.1%
living
59.7%
into
58.6%
heard
58.1%
seen
57.5%
back
57.3%
back
57.3%
hardly
57.2%
about
56.6%
kitchen
56.5%
ago,
56.4%
moment,
56.2%
lit
56.1%
asleep
55.8%
father,
55%
tried
54.9%
remember
54.9%
sound
54.7%
mother.
53.8%
almost
53.3%
photographs
53.3%
photographs
53.3%
awake
53.3%
ball
52.8%
which
52.5%
being
52.5%
being
52.5%
voice
52%
blond
51.7%
beach
51.5%
pan
49.4%
again.
48.8%
put
48.6%
pink
47.6%
frying
47.5%
bicycle,
47.3%
sun
47.2%
riding
47.2%
rapped
47%
news
45.8%
owls.
45.6%
'Well,
45.6%
exactly
45.2%
stove.
45%
onto
44.5%
made
42.1%
shrill
41.8%
kissed
40.8%
funny
40.6%
lots
40.5%
wearing
40.4%
noise
40.1%
hugged
40%
game
39.8%
fair,
39.3%
rose
38.7%
really
38.6%
playing
38%
rolled
37.8%
outside
37.2%
different-
37%
gardens
35.4%
brass
35.3%
mantelpiece
35.3%
computer
35.3%
report
34%
held
33.4%
colored
33%
toward
30.8%
walking
30.5%
fateful
30.3%
bonnets -
29.1%
carousel
27.3%
demanded.
24.9%
screeched.
24.7%
tidy
24.1%
crept
21.2%
Quiz Playlist
Details
Report
Send in Message
Add To Playlist
Classic:
Type in answers that appear in a list
Last Updated: Feb 16, 2017
Quiz Scoreboard
CHALLENGE
Sign Up to Join the Scoreboard
Show All
Scores
Hide
Comments
May contain spoilers
Recently Published
5x2 Blitz: Bands
by SL_Kpop136
Music
30s
Colored Red Africa Blitz
by spor1
Geography
30s
Find the 'City' Movie
by crazypaving
Movies
60s
More to Explore
Quiz From the Vault
Featured Blog Post
14 Easter Pick-up Lines to Find Eggs With
hide this ad
You Might Also Like...
Tags
Harry Potter Quiz
300
glass
Sorcerer
Sorcerer Stone
stone
Today's Top Quizzes in Literature
Browse Literature
hide this ad
Today's Top Quizzes in Harry Potter
Browse Harry Potter
Top Contributed Quizzes in Literature
1
Sneaky Slytherin Logic Puzzle
2
Harry Potter Slytherin Logic Puzzle
3
Get The Picture: Black or White Literature
4
Logic Puzzle: Avoid Dumbledore's Army
5
Mini Trivia Sudoku: A Song of Ice and Fire
6
A Song of Ice and Fire Logic Puzzle
7
One Thing in Common: Literature II
8
Books By Opening Lines IV
9
The Hunger Games Logic Puzzle: Find Katniss
10
Silmarillion Characters by Any 3 Letters
Explore More
Trending Topics
Harry Potter
Anime
Marvel
NBA
Crossword
Kpop
Disney
Country
NFL
Song
Pokémon
The Office
Soccer
WWE
Puzzle
hide this ad
More By:
horsebowl74
Quiz
Plays
Rating
Category
Featured
Created
Harry Potter Bk 1 Ch 2 First 300 words
1,172
4.00
Literature
Feb 12, 2014
Harry Potter Bk 1 Ch 3 First 300 Words
1,111
3.20
Literature
Feb 13, 2014
Harry Potter Book 1 Chapter 1 first 300 words
963
Literature
Jun 21, 2016
Harry Potter Bk1 Ch4 First 300 Words
589
2.33
Literature
Feb 13, 2014
Howrse 101
191
4.40
Miscellaneous
Jan 19, 2013
Go to Creator's Profile
Score Distribution
Quiz Creator Spotlight
horsebowl74
Follow
Send a Message
Quizzes Created
-
Created Quiz Play Count
-
More By This Creator
Popular Quizzes Today
1
Colored Red Africa Blitz
2
Find the 'City' Movie
3
Find the US States - No Outlines Minefield
4
5x2 Blitz: Bands
5
The Countries of the World
6
Find the US States
7
Find the Countries of Europe - No Outlines Minefield
8
US States
More Literature Quizzes
Name Six Blitz: One Word Book Titles
Editor's Pick
Trending Quizzes
Colored Red Europe Blitz I
Colored Red Europe Blitz II
Colored Red Africa Blitz II
Colored Red Europe Blitz III
Colored Red Africa Blitz III
Recently Updated
How Do You Spell That?
pecheneg
Godzilla Movies
pecheneg
Grab Bag: 4-10 Letters
pecheneg
2024 March Madness Bracket
pecheneg
Famous TV Couples
Peacemaker
Champions League XIs: Real Madrid
pecheneg
Largest US Cities 1790-2010
pecheneg
Rides in Walt Disney World
pecheneg
Most Oscar Losses (Acting)
pecheneg
Beyoncé Albums
pecheneg
Trending Topics
Crossword
Marvel
Kpop
Harry Potter
Disney
Anime
NBA
Song
WWE
Pokémon
Country
Puzzle
The Office
NFL
Soccer
Your Account Isn't Verified!
In order to create a playlist on Sporcle, you need to verify the email address you used during registration. Go to your
Sporcle Settings
to finish the process.
Report this User
Report this user for behavior that violates our
Community Guidelines
.
Details:
Send Report
Go to the Sporcle.com Mobile Site →
Comments